A Taste of Enlightenment/ (Record no. 216609)

MARC details
000 -LEADER
fixed length control field 00582nam a22002057a 4500
005 - DATE AND TIME OF LATEST TRANSACTION
control field 20260611115228.0
010 ## - LCCN (DPL NO)
LC control number ENG-148808
020 ## - INTERNATIONAL STANDARD BOOK NUMBER
International Standard Book Number 9789348892027
Terms of availability 450.00
035 ## - SYSTEM CONTROL NUMBER
System control number EN-132340
037 ## - SOURCE OF ACQUISITION
Source of stock number/acquisition DBAD
082 ## - DEWEY DECIMAL CLASSIFICATION NUMBER
Classification number 154.2
100 ## - MAIN ENTRY--PERSONAL NAME
Personal name Kuriyal, Siddharth
245 ## - TITLE STATEMENT
Title A Taste of Enlightenment/
Statement of responsibility, etc Siddharth Kuriyal
250 ## - EDITION STATEMENT
Edition statement 1
260 ## - PUBLICATION, DISTRIBUTION, ETC. (IMPRINT)
Place of publication, distribution, etc Kolkata
Name of publisher, distributor, etc Exceller Books
Date of publication, distribution, etc 2025
270 ## - ADDRESS
Address G1, Dream Apartment, Degree College Road, Belgharia
City Kolkata
Postal code 700056
300 ## - PHYSICAL DESCRIPTION
Extent 199p.
Dimensions 22cm(pb)
760 ## - MAIN SERIES ENTRY
Edition 1
942 ## - ADDED ENTRY ELEMENTS (KOHA)
Source of classification or shelving scheme Dewey Decimal Classification
Item type English Books
Classification part 154.2
Call number suffix KUR
Edition 1
Holdings
Withdrawn status Lost status Not for loan Collection code Home library Current library Date acquired Source of acquisition Cost, normal purchase price Full call number Barcode Copy number Cost, replacement price Koha item type
    Not For Loan Non-fiction D.B.Act.Division D.B.Act.Division 11/06/2026 Delivery of Books Act Division 450.00 154.2 KUR EN-132340 1 450.00 English Books

© Delhi Public Library
Hit Counter
free hit counter